| 000 | 00703nam a2200205Ii 4500 | ||
|---|---|---|---|
| 003 | JO-AjNU | ||
| 008 | 230605s9999||||xx |||||||||||||| ||und|| | ||
| 040 |
_aJO-AjNU _bara _erda _cJO-AjNU |
||
| 041 | _aara | ||
| 050 | 1 | 4 | _aBF432.3.M8322.2005 |
| 100 | 3 |
_aحسين،محمد عبد الهادي, _eauthor _922464 |
|
| 245 | 0 | 0 | _aمدرسة الذكاءات المتعددة |
| 250 | _aط1 | ||
| 264 | 3 | 1 | _aالعين:دار الكتاب الجامعي ،2005 |
| 300 |
_a585ص _bالملاحق من ص483-ص582 |
||
| 336 |
_atext _btxt _2rdacontent |
||
| 337 |
_aunmediated _bn _2rdamedia |
||
| 338 |
_avolume _bnc _2rdacarrier |
||
| 650 | 4 |
_aالذكاء المتعدد-ذكاء-اختبارات _922465 |
|
| 999 |
_aA7978 _c11546 _d11546 |
||